小龙查理出走了 (Little Dragon Charles Leaves Home) / (Record no. 10078)

MARC details
000 -LEADER
fixed length control field 00494nam a22001697a 4500
001 - CONTROL NUMBER
control field 10078
003 - CONTROL NUMBER IDENTIFIER
control field FISKH
005 - DATE AND TIME OF LATEST TRANSACTION
control field 20260403115149.0
008 - FIXED-LENGTH DATA ELEMENTS--GENERAL INFORMATION
fixed length control field 260403b cb ||||| |||| 00| 0 eng d
040 ## - CATALOGING SOURCE
Original cataloging agency FISKH
Language of cataloging chi
Transcribing agency FISKH
Modifying agency FISKH
082 ## - DEWEY DECIMAL CLASSIFICATION NUMBER
Classification number 800
100 ## - MAIN ENTRY--PERSONAL NAME
Personal name 亚历克斯·固索
245 ## - TITLE STATEMENT
Title 小龙查理出走了 (Little Dragon Charles Leaves Home) /
Statement of responsibility, etc. 亚历克斯·固索
300 ## - PHYSICAL DESCRIPTION
Extent 45 unnumbered pages :
Other physical details color illustrations ;
Dimensions 38 cm .
942 ## - ADDED ENTRY ELEMENTS (KOHA)
Source of classification or shelving scheme Dewey Decimal Classification
Koha item type Chinese Book
Suppress in OPAC No
Holdings
Withdrawn status Lost status Source of classification or shelving scheme Damaged status Not for loan Collection Home library Current library Shelving location Date acquired Total Checkouts Full call number Barcode Date last seen Price effective from Koha item type
    Dewey Decimal Classification     Reference Footprints International School Library Network Toul Tom Poung Campus Footprints International School Library Network Toul Tom Poung Campus Librarian's Shelf TTP 04/03/2026   亚历克斯·固索 800 2026-0456 04/03/2026 04/03/2026 Chinese Book